| 000 | 00594nam a2200205 a 4500 | ||
|---|---|---|---|
| 001 | BRCA_5727 | ||
| 005 | 20190320205207.0 | ||
| 008 | 040311s1943----mx-a######---f100-0#spa-# | ||
| 041 | _aspa | ||
| 044 | _amx | ||
| 050 | 4 |
_aHV111 _b.I57 1943 |
|
| 245 | 1 | 0 |
_aInstituciones de Asistencia Privada del Distrito Federal _cCongreso Nacional de Asistencia Pública. |
| 260 |
_aMéxico _bCultura _c1943 |
||
| 300 |
_a283 p. _bil. _c23 cm. |
||
| 500 | _aH46 | ||
| 650 | 1 | 4 |
_aCaridad _zMéxico (D.F.) _914535 |
| 711 | 2 |
_aCongreso Nacional de Asistencia Pública _914536 |
|
| 902 | _aGFM | ||
| 942 |
_2lcc _cB |
||
| 999 |
_c5417 _d5417 |
||